Čipová karta - platobný nástroj budúcnosti

Banková platobná karta - ako platobný nástroj. Môžu ju vydávať banky podľa zákona č. 21/1991 o bankách. Na Slovensku sa používajú magnetické platobné karty s magnetickým prúžkom. Projekty platobných kariet vybavených procesorovým čipom. Vznik Slovenskej asociácie pre čipové karty so zámerom podporiť...

ver descrição completa

Na minha lista:
Detalhes bibliográficos
Autor principal: Tóthová, Emília
Formato: Capítulo de Livro
Idioma:eslovaco
Assuntos:
Tags: Adicionar Tag
Sem tags, seja o primeiro a adicionar uma tag!

MARC

LEADER 00000naa a2200000 4500
001 r019489
005 20221208113705.5
041 0 |a slo 
044 |a SK 
245 1 0 |a Čipová karta - platobný nástroj budúcnosti  |c Emília Tóthová 
520 |a Banková platobná karta - ako platobný nástroj. Môžu ju vydávať banky podľa zákona č. 21/1991 o bankách. Na Slovensku sa používajú magnetické platobné karty s magnetickým prúžkom. Projekty platobných kariet vybavených procesorovým čipom. Vznik Slovenskej asociácie pre čipové karty so zámerom podporiť koncepciu, rozvoj a praktickú aplikáciu čipových kariet na území SR. 
610 2 0 |a karty platobné 
610 2 0 |a styk platobný bezhotovostný 
610 2 0 |a Slovensko 
100 1 |a Tóthová, Emília